LDR 00935naa#a2200193#i#450# 001 RU\INFRA-M\bibl\123128 005 20260701233454.3 011 ## _a2500-0497 100 ## _a20260618b2026####ek#y0rusy0150####ca 102 ## _aRU 200 1# _aСоветская Гавань: от Императорской гавани к опорному узлу Тихоокеанского флота. Логика государственных решений 1930-х – 1950-х годов _eЖурнальная статья 210 1# _aМосква _cОбщество с ограниченной ответственностью «Научно-издательский центр ИНФРА-М» _d2026 215 ## _a7 с. 608 ## _aЖурнальная статья _2local 675 ## _aВсеобщая история. 94 _z 700 #1 _aЛавская _gК. К. 700 #1 _aГорох _gА. О. 700 #1 _aБаходуров _gФ. А. 856 4# _azh-szf.ru _u